000
00247nam a22000977a 4500
008
160511b xxu||||| |||| 00| 0 eng d
041
_a
eng
080
_a
61
245
_a
REVISTA BRAIN FACTS A PRIMER ON THE BRAIN AND NERVOUS SYSTEM;
942
_2
udc
_c
BK
999
_c
2037
_d
2037